Les Clubs de Luka Modrić - Statistiques

Statistiques générales
  • Ce quiz a été pris 63 fois
  • Le résultat moyen est 3 sur 6
Statistiques - réponses
Saisons Clubs % Correct
2025- AC Milan
96%
2012-2025 Real Madrid
96%
2005-2008 Dinamo Zagreb
71%
2008-2012 Tottenham Hotspur
61%
2003-2004 (prêt) HSK Zrinjski Mostar
5%
2004-2005 (prêt) NK Inter Zapresic
5%
Aucun quiz correspondant
Distribution des résultats
% des personnes avec chaque résultat
Percentile par nombre de réponses
Votre historique - résultats
Vous n’avez pas pris ce quiz